Grecja czy Cypr? - Statystyki

Ogólne statystyki
  • Ten quiz został rozwiązany 9 203 razy
  • Średni wynik to 16 z 18
Statystyki odpowiedzi
Zagadnienie Odpowiedź % Poprawnych
Był(a) gospodarzem igrzysk olimpijskich Grecja
99%
Ten kraj jest większy Grecja
99%
Posiada większą liczbę ludności Grecja
98%
Turecki jest językiem urzędowym Cypr
97%
Największe miasta to Nikozja i Limassol Cypr
96%
Ma krzyż na swojej fladze Grecja
95%
Należy do NATO oraz UE Grecja
94%
Stolica tego kraju została nazwana na cześć bogini Grecja
94%
Obowiązuje ruch lewostronny na drodze Cypr
91%
Nie działa system kolejowy Cypr
88%
Prawie 25% całej ludności to muzułmanie Cypr
87%
Ten kraj uważany jest za kolebkę demokracji Grecja
83%
Znajdziemy tam strefę zdemilitaryzowaną, patrolowaną przez ONZ Cypr
80%
Posiada na swoim terytorium bazy wojskowe znajdujące się pod zwierzchnictwem Wielkiej Brytanii Cypr
78%
Jest dalej wysunięte na wschód Cypr
77%
Wygrał(a) w konkursie piosenki Eurowizji Grecja
73%
Jest bliżej Turcji Grecja
71%
Największe pasma górskie to Pindus i Rodopy Grecja
65%
Nie znaleziono quizów pasujących do podanych kryteriów
Rozkład punktacji
Procent ludzi z każdym wynikiem
Percentyl według liczby udzielonych odpowiedzi
Twoja historia wyników
Nie rozwiązałeś tego quizu